Score 0/20 Timer 02:00
1 Play Today
Show Missing Word % Correct
Two and a ____ MenHalf
99.8%
The _____ Bang TheoryBig
98.7%
Everybody _____ RaymondLoves
97.9%
How I _____ Your MotherMet
97.9%
Gilligan's _____Island
93.6%
The _____ of QueensKing
93.2%
All in the _____Family
89.9%
The _____ Griffith ShowAndy
89.4%
2 _____ GirlsBroke
88.8%
Leave it to _____Beaver
87.5%
Show Missing Word % Correct
I Love ____Lucy
86.8%
Rules of _____Engagement
86.4%
The Beverly ______Hillbillies
86.2%
The ____ Tyler Moore ShowMary
85.3%
_____ AcresGreen
80.5%
Hogan's ____Heroes
75.6%
The Bob _____ ShowNewhart
64.5%
_____ BrownMurphy
61.5%
WKRP in _____Cincinnati
60.8%
Good _____Times
50.2%

Today's Daily Dose

You're not logged in!

Compare scores with friends on all Sporcle quizzes.
OR
Log In

Sporcle TV

Today on Sporcle TV


Watch our educational content, quiz creation guides, and fun videos on Sporcle TV.

Show Comments

Extras

Top Quizzes Today


Score Distribution

Paid Content

Your Account Isn't Verified!

In order to create a playlist on Sporcle, you need to verify the email address you used during registration. Go to your Sporcle Settings to finish the process.

Report this User

Report this user for behavior that violates our Community Guidelines.

Details: